| 000 | 00369nam a2200145Ia 4500 | ||
|---|---|---|---|
| 005 | 20250423101433.0 | ||
| 008 | 250422s9999 xx 000 0 und d | ||
| 020 | _a1470075512 | ||
| 100 | _aOlolo, Isokari Francis | ||
| 245 | 4 | _aThe shepherd leader : the unexplored leadership style | |
| 260 | _c2013 | ||
| 300 | _a253 p | ||
| 650 | _aLeadership style | ||
| 942 | _cBK | ||
| 999 |
_c36302 _d36302 |
||